000 00974cad a22001935a 4500
001 L153736
008 110824s2011 xxk 000 0 eng d
035 _a(Sirsi) u153736
041 0 _aeng
110 2 _aLeading Edge
_95902
245 0 4 _aThe state of the industry
_bconstruction market survey : August 2011 : summary
_h[electronic resource]
260 _aWokingham
_bLeading Edge
_c2011
520 _aA summary of the full 'State of the Industry' report which covers a range of topics on the prospects of the construction industry and, in particular, on future plans for marketing activities, budgets and headcount.
590 _aKA
651 4 _aUnited Kingdom
_y
690 _aBUILT ENVIRONMENT-CONSTRUCTION MARKET
856 4 0 _uhttps://www.lead-edge.co.uk/sites/default/files/attachments/Construction_Industry_Survey_2011_3.pdf
_zView the summary free of charge and obtain the cost and further details of the full market survey at www.lead-edge.co.uk
942 _n0
999 _c112678
_d112678